[Event "MPA 1580 2024"]
[Site "Sianozety"]
[Date "2024.04.12"]
[Round "2.3"]
[White "Kuriata, Pawel"]
[Black "Domoradzki, Tomasz"]
[Result "1-0"]
[BlackElo "1482"]
[WhiteElo "1571"]
[LiveChessVersion "1.4.4"]

1. e4 {[%clk 1:30:56]} e5 {[%clk 1:30:56]} 2. Nf3 {[%clk 1:31:21]} Nf6
{[%clk 1:31:18]} 3. Nc3 {[%clk 1:31:25]} Nc6 {[%clk 1:31:41]} 4. d4
{[%clk 1:31:49]} exd4 {[%clk 1:32:03]} 5. Nxd4 {[%clk 1:32:11]} Bb4
{[%clk 1:32:25]} 6. Nxc6 {[%clk 1:32:31]} bxc6 {[%clk 1:32:44]} 7. Bd3
{[%clk 1:32:51]} O-O {[%clk 1:32:59]} 8. O-O {[%clk 1:33:12]} d5 {[%clk 1:33:16]}
9. exd5 {[%clk 1:33:15]} cxd5 {[%clk 1:33:32]} 10. h3 {[%clk 1:33:29]} h6
{[%clk 1:25:15]} 11. Qf3 {[%clk 1:33:48]} Qd6 {[%clk 1:20:17]} 12. Bf4
{[%clk 1:22:17]} Qc6 {[%clk 1:17:25]} 13. Nb5 {[%clk 1:19:44]} Ba5 14. Nd4 Qa4
{[%clk 1:12:32]} 15. c3 {[%clk 1:12:49]} Qd7 {[%clk 1:00:49]} 16. Bxh6
{[%clk 1:00:48]} Ne4 {[%clk 0:51:52]} 17. Bb5 {[%clk 0:59:56]} Qd6
{[%clk 0:50:24]} 18. Bf4 {[%clk 0:57:33]} Qg6 {[%clk 0:46:39]} 19. Nc6 Qe6
{[%clk 0:47:04]} 20. Nxa5 {[%clk 0:55:47]} Qb6 {[%clk 0:47:09]} 21. Nc6
{[%clk 0:51:41]} Re8 {[%clk 0:47:09]} 22. Nd4 {[%clk 0:51:36]} c5
{[%clk 0:46:51]} 23. Bxe8 {[%clk 0:51:36]} cxd4 {[%clk 0:46:51]} 24. cxd4
{[%clk 0:45:25]} Ba6 {[%clk 0:47:05]} 25. Ba4 {[%clk 0:41:48]} Bxf1
{[%clk 0:47:05]} 26. Rxf1 {[%clk 0:41:51]} Qxd4 {[%clk 0:32:29]} 27. Bb3 Nd2 28.
Bxd2 {[%clk 0:38:04]} Qxd2 {[%clk 0:32:52]} 29. Qxd5 {[%clk 0:38:16]} Qxd5 30.
Bxd5 {[%clk 0:38:16]} Rc8 {[%clk 0:33:14]} 31. b3 {[%clk 0:38:18]} Kf8 32. Re1
{[%clk 0:38:38]} a5 {[%clk 0:32:52]} 33. a4 {[%clk 0:38:37]} g6 {[%clk 0:32:30]}
34. Bc4 {[%clk 0:37:26]} Rc5 {[%clk 0:32:38]} 35. Rd1 {[%clk 0:36:56]} Rc7
{[%clk 0:32:56]} 36. Rd6 {[%clk 0:36:18]} Ra7 37. Ra6 1-0

[Event "MPA 1580 2024"]
[Site "Sianozety"]
[Date "2024.04.12"]
[Round "2.4"]
[White "Skudlarski, Piotr"]
[Black "Krawczyk, Marcin"]
[Result "0-1"]
[BlackElo "1560"]
[WhiteElo "1476"]
[LiveChessVersion "1.4.4"]

1. e4 {[%clk 1:28:23]} e5 {[%clk 1:30:55]} 2. Nf3 {[%clk 1:28:43]} Nc6
{[%clk 1:31:18]} 3. d4 {[%clk 1:26:21]} exd4 {[%clk 1:31:25]} 4. Nxd4
{[%clk 1:26:41]} Nf6 {[%clk 1:31:47]} 5. Nc3 {[%clk 1:26:29]} Bb4
{[%clk 1:32:08]} 6. Nxc6 {[%clk 1:26:34]} bxc6 {[%clk 1:32:16]} 7. Bd3
{[%clk 1:26:55]} d5 {[%clk 1:28:19]} 8. exd5 {[%clk 1:21:25]} cxd5
{[%clk 1:26:46]} 9. O-O {[%clk 1:16:38]} Bxc3 {[%clk 1:24:10]} 10. bxc3
{[%clk 1:14:54]} O-O {[%clk 1:24:26]} 11. Bg5 {[%clk 1:08:28]} Qd6
{[%clk 1:21:03]} 12. Bxf6 {[%clk 1:02:30]} Qxf6 {[%clk 1:21:13]} 13. Qh5
{[%clk 1:02:22]} g6 {[%clk 1:20:25]} 14. Qxd5 {[%clk 1:02:35]} Be6
{[%clk 1:13:29]} 15. Qc5 {[%clk 0:51:48]} Rfd8 {[%clk 1:07:05]} 16. Be4
{[%clk 0:37:27]} c6 {[%clk 1:02:00]} 17. a3 {[%clk 0:32:12]} Bd5 {[%clk 0:58:39]}
18. Bd3 {[%clk 0:30:20]} Qd6 {[%clk 0:56:58]} 19. Qa5 {[%clk 0:27:08]} Re8
{[%clk 0:51:04]} 20. c4 {[%clk 0:23:52]} Be4 {[%clk 0:46:59]} 21. Rad1
{[%clk 0:21:41]} Qf4 {[%clk 0:43:50]} 22. Qd2 {[%clk 0:16:11]} Qd6
{[%clk 0:39:52]} 23. Qc1 {[%clk 0:10:14]} Qc5 {[%clk 0:38:01]} 24. Rfe1
{[%clk 0:09:56]} Bf5 {[%clk 0:37:50]} 25. Qg5 {[%clk 0:07:12]} Qa5
{[%clk 0:33:52]} 26. Bxf5 {[%clk 0:07:23]} Rxe1+ {[%clk 0:34:09]} 0-1

[Event "MPA 1580 2024"]
[Site "Sianozety"]
[Date "2024.04.12"]
[Round "2.11"]
[White "Krzeszowiec, Wojciech"]
[Black "Grazka, Rafal"]
[Result "1-0"]
[BlackElo "1466"]
[WhiteElo "1580"]
[LiveChessVersion "1.4.4"]

1. e4 {[%clk 1:30:54]} e5 {[%clk 1:30:45]} 2. Nf3 {[%clk 1:31:11]} Nc6
{[%clk 1:31:06]} 3. Bc4 {[%clk 1:31:16]} Be7 {[%clk 1:30:35]} 4. d4
{[%clk 1:28:35]} exd4 {[%clk 1:28:33]} 5. Nxd4 {[%clk 1:28:52]} Ne5
{[%clk 1:28:35]} 6. Bb3 {[%clk 1:27:38]} Nf6 {[%clk 1:28:57]} 7. Qe2
{[%clk 1:23:53]} O-O {[%clk 1:29:18]} 8. O-O {[%clk 1:24:07]} d6 {[%clk 1:26:42]}
9. h3 {[%clk 1:22:51]} c5 {[%clk 1:26:02]} 10. Nf3 {[%clk 1:20:28]} Nxf3+
{[%clk 1:24:26]} 11. Qxf3 {[%clk 1:20:45]} Nd7 {[%clk 1:20:57]} 12. Bf4
{[%clk 1:16:04]} Ne5 {[%clk 1:21:05]} 13. Qe2 {[%clk 1:12:35]} Be6
{[%clk 1:20:18]} 14. Nd2 {[%clk 1:07:47]} Bxb3 {[%clk 1:19:39]} 15. Nxb3
{[%clk 1:06:20]} Ng6 {[%clk 1:19:36]} 16. Be3 {[%clk 1:03:22]} Qc7
{[%clk 1:19:47]} 17. Nd2 {[%clk 1:02:47]} a6 {[%clk 1:19:58]} 18. a4
{[%clk 1:01:01]} Qc6 {[%clk 1:19:15]} 19. c3 {[%clk 0:54:09]} Rfe8
{[%clk 1:18:13]} 20. Qd3 {[%clk 0:54:01]} Rad8 {[%clk 1:18:21]} 21. Qc2
{[%clk 0:47:41]} Bf8 {[%clk 1:18:09]} 22. Rfe1 {[%clk 0:44:58]} d5
{[%clk 1:18:06]} 23. exd5 {[%clk 0:45:08]} Rxd5 {[%clk 1:17:54]} 24. Nf3
{[%clk 0:43:38]} Rh5 {[%clk 1:17:10]} 25. Bd2 {[%clk 0:36:14]} Rxe1+
{[%clk 1:17:19]} 26. Nxe1 {[%clk 0:32:39]} c4 {[%clk 1:13:51]} 27. Be3
{[%clk 0:32:34]} h6 {[%clk 1:14:06]} 28. Qe2 {[%clk 0:31:35]} Re5
{[%clk 1:14:11]} 29. Qf3 {[%clk 0:31:34]} Qd7 {[%clk 1:12:40]} 30. Bd4
{[%clk 0:27:18]} Re6 {[%clk 1:12:09]} 31. Qg4 {[%clk 0:24:43]} Qc6
{[%clk 1:08:13]} 32. Nc2 {[%clk 0:21:29]} Re4 {[%clk 1:00:07]} 33. Qh5
{[%clk 0:16:38]} Nf4 {[%clk 0:59:00]} 34. Qf3 Ng6 {[%clk 0:54:52]} 35. Ne3
{[%clk 0:12:28]} Nh4 36. Qg3 {[%clk 0:11:42]} f6 {[%clk 0:52:39]} 37. f3
{[%clk 0:10:40]} Bd6 {[%clk 0:50:52]} 38. Qf2 {[%clk 0:10:00]} Rf4
{[%clk 0:49:28]} 39. Qe2 {[%clk 0:09:50]} Nf5 {[%clk 0:45:42]} 40. Nxf5
{[%clk 0:09:54]} Rxf5 {[%clk 0:46:01]} 41. Qe6+ {[%clk 0:10:14]} Kh8
{[%clk 0:45:47]} 42. Qxf5 {[%clk 0:10:38]} Qe8 {[%clk 0:44:43]} 43. Qe4
{[%clk 0:10:53]} Qd7 {[%clk 0:44:52]} 44. Kf1 {[%clk 0:11:03]} Bg3
{[%clk 0:44:46]} 45. Bf2 {[%clk 0:09:37]} Be5 {[%clk 0:45:06]} 46. Ke2
{[%clk 0:09:42]} Bxc3 {[%clk 0:37:55]} 47. bxc3 {[%clk 0:09:46]} f5
{[%clk 0:38:18]} 48. Qd4 {[%clk 0:09:17]} Qe7+ {[%clk 0:38:04]} 49. Kf1
{[%clk 0:09:34]} 1-0

[Event "MPA 1580 2024"]
[Site "Sianozety"]
[Date "2024.04.12"]
[Round "2.12"]
[White "Chacinski-Osorio, Fabian"]
[Black "Jaworski, Mariusz"]
[Result "1-0"]
[BlackElo "1460"]
[WhiteElo "1575"]
[LiveChessVersion "1.4.4"]

1. e4 {[%clk 1:30:58]} d5 {[%clk 1:30:51]} 2. exd5 {[%clk 1:31:22]} Nf6
{[%clk 1:31:16]} 3. Bb5+ {[%clk 1:30:47]} Bd7 {[%clk 1:31:16]} 4. Bxd7+
{[%clk 1:31:10]} Qxd7 {[%clk 1:31:36]} 5. c4 {[%clk 1:31:27]} c6 {[%clk 1:31:16]}
6. dxc6 {[%clk 1:30:05]} Nxc6 {[%clk 1:31:38]} 7. Nf3 {[%clk 1:29:52]} Qe6+
{[%clk 1:28:38]} 8. Qe2 {[%clk 1:30:05]} Qxe2+ {[%clk 1:28:24]} 9. Kxe2
{[%clk 1:30:28]} O-O-O {[%clk 1:27:47]} 10. Nc3 {[%clk 1:20:47]} Nd4+
{[%clk 1:27:44]} 11. Nxd4 {[%clk 1:21:02]} Rxd4 {[%clk 1:28:06]} 12. b3
{[%clk 1:21:01]} e5 {[%clk 1:27:19]} 13. f3 {[%clk 1:20:35]} a6 {[%clk 1:27:24]}
14. Bb2 {[%clk 1:20:47]} Rd7 {[%clk 1:25:18]} 15. Na4 {[%clk 1:16:01]} Re7
{[%clk 1:24:31]} 16. Rhe1 {[%clk 1:13:01]} Nd7 {[%clk 1:21:41]} 17. Kf1
{[%clk 1:12:24]} f5 {[%clk 1:20:33]} 18. Re2 {[%clk 1:11:13]} g5 {[%clk 1:20:30]}
19. d4 {[%clk 1:08:14]} e4 {[%clk 1:17:51]} 20. d5 {[%clk 1:05:27]} Rg8
{[%clk 1:18:02]} 21. fxe4 {[%clk 1:05:03]} fxe4 {[%clk 1:18:22]} 22. Rae1
{[%clk 1:04:46]} b5 {[%clk 1:17:05]} 23. Nc3 {[%clk 1:04:53]} Rf7+
{[%clk 1:16:38]} 24. Kg1 {[%clk 1:04:28]} Bc5+ {[%clk 1:16:55]} 25. Kh1
{[%clk 1:04:27]} Rgf8 {[%clk 1:17:13]} 26. g3 {[%clk 1:01:52]} Rf1+
{[%clk 1:13:25]} 27. Rxf1 {[%clk 1:01:55]} Rxf1+ {[%clk 1:13:46]} 28. Kg2
{[%clk 1:02:21]} Rg1+ {[%clk 1:13:59]} 29. Kh3 {[%clk 1:02:40]} e3
{[%clk 1:05:07]} 30. Ne4 {[%clk 1:01:02]} Be7 {[%clk 1:04:34]} 31. Kg4
{[%clk 0:58:29]} bxc4 {[%clk 1:03:04]} 32. bxc4 {[%clk 0:58:35]} h6
{[%clk 1:00:03]} 33. Kf3 {[%clk 0:58:05]} Nc5 {[%clk 0:56:07]} 34. Kxe3
{[%clk 0:53:43]} Nxe4 {[%clk 0:54:09]} 35. Kxe4 {[%clk 0:54:06]} Kd7
{[%clk 0:54:00]} 36. Bd4 {[%clk 0:53:39]} Rc1 {[%clk 0:53:56]} 37. Kd3
{[%clk 0:53:24]} h5 {[%clk 0:53:06]} 38. Ke3 {[%clk 0:42:00]} Rxc4
{[%clk 0:53:22]} 39. Be5 {[%clk 0:42:02]} Bd6 {[%clk 0:47:24]} 40. Bf6
{[%clk 0:41:25]} g4 {[%clk 0:47:34]} 41. Bd4 {[%clk 0:34:35]} Bb4
{[%clk 0:45:26]} 42. Kd3 {[%clk 0:33:55]} Rc1 {[%clk 0:44:38]} 43. Re5
{[%clk 0:32:01]} h4 {[%clk 0:43:12]} 44. gxh4 {[%clk 0:31:46]} Rh1
{[%clk 0:43:19]} 45. Re2 {[%clk 0:31:10]} Bd6 {[%clk 0:43:34]} 46. Ke4
{[%clk 0:28:13]} Bxh2 {[%clk 0:42:02]} 47. Rg2 {[%clk 0:23:24]} Re1+
{[%clk 0:41:38]} 48. Kf5 {[%clk 0:19:12]} g3 {[%clk 0:41:44]} 49. Be5
{[%clk 0:16:44]} Rf1+ {[%clk 0:41:01]} 50. Kg6 {[%clk 0:16:36]} Rf2
{[%clk 0:40:29]} 51. h5 {[%clk 0:14:27]} Rxg2 {[%clk 0:40:44]} 52. h6
{[%clk 0:14:53]} Bg1 {[%clk 0:38:08]} 53. h7 {[%clk 0:13:31]} Rh2
{[%clk 0:38:19]} 54. Bxg3 {[%clk 0:12:02]} Rxh7 {[%clk 0:37:48]} 55. Kxh7
{[%clk 0:12:25]} Bc5 {[%clk 0:38:02]} 56. Kg6 {[%clk 0:12:34]} Bd6
{[%clk 0:38:23]} 57. Bf2 {[%clk 0:12:12]} Bc7 {[%clk 0:37:48]} 58. Kf5
{[%clk 0:12:36]} Bd6 {[%clk 0:37:45]} 59. Ke4 {[%clk 0:12:03]} Kc7
{[%clk 0:37:45]} 60. Kd3 {[%clk 0:11:58]} a5 61. a4 {[%clk 0:11:30]} Kb7
{[%clk 0:37:19]} 62. Kc4 {[%clk 0:11:41]} Bb4 {[%clk 0:37:28]} 63. Kb5
{[%clk 0:11:57]} Kb8 {[%clk 0:37:09]} 64. Bb6 {[%clk 0:10:44]} 1-0

[Event "MPA 1580 2024"]
[Site "Sianozety"]
[Date "2024.04.12"]
[Round "2.13"]
[White "Brzezinski, Piotr"]
[Black "Dabek, Wieslaw"]
[Result "1/2-1/2"]
[BlackElo "1575"]
[WhiteElo "1425"]
[LiveChessVersion "1.4.4"]

1. d4 {[%clk 1:30:57]} Nf6 {[%clk 1:30:46]} 2. Nf3 {[%clk 1:31:10]} g6
{[%clk 1:30:52]} 3. Bf4 {[%clk 1:31:19]} Bg7 {[%clk 1:31:07]} 4. e3
{[%clk 1:31:16]} O-O {[%clk 1:31:20]} 5. Bd3 {[%clk 1:30:57]} d6 {[%clk 1:29:24]}
6. O-O {[%clk 1:30:57]} Nbd7 {[%clk 1:28:32]} 7. Bg3 {[%clk 1:30:50]} Re8
{[%clk 1:28:15]} 8. c3 {[%clk 1:29:52]} b6 {[%clk 1:27:23]} 9. Re1
{[%clk 1:29:37]} Bb7 {[%clk 1:27:23]} 10. Nbd2 {[%clk 1:29:50]} Nh5
{[%clk 1:23:09]} 11. Bc4 {[%clk 1:30:02]} Nxg3 {[%clk 1:23:07]} 12. hxg3
{[%clk 1:28:50]} e5 {[%clk 1:19:19]} 13. Qb3 {[%clk 1:23:28]} Qf6
{[%clk 1:17:26]} 14. Bd5 {[%clk 1:19:59]} c6 {[%clk 1:17:10]} 15. dxe5
{[%clk 1:17:35]} Nxe5 {[%clk 1:14:52]} 16. Nxe5 {[%clk 1:15:49]} Rxe5
{[%clk 1:14:04]} 17. Bf3 {[%clk 1:15:13]} Qe6 {[%clk 1:09:58]} 18. Qxe6
{[%clk 1:15:29]} Rxe6 {[%clk 1:09:41]} 19. Rad1 {[%clk 1:14:09]} 1/2-1/2

[Event "MPA 1580 2024"]
[Site "Sianozety"]
[Date "2024.04.12"]
[Round "2.14"]
[White "Zemla, Andrzej"]
[Black "Adamowicz, Borys"]
[Result "1-0"]
[BlackElo "1571"]
[WhiteElo "1453"]
[LiveChessVersion "1.4.4"]

1. d4 {[%clk 1:30:58]} d5 {[%clk 1:30:54]} 2. c4 {[%clk 1:31:25]} e6
{[%clk 1:31:18]} 3. g3 {[%clk 1:31:48]} Nf6 {[%clk 1:31:32]} 4. Bg2
{[%clk 1:32:12]} Bd6 {[%clk 1:29:38]} 5. Nf3 {[%clk 1:32:14]} O-O
{[%clk 1:29:13]} 6. O-O {[%clk 1:32:39]} a6 {[%clk 1:28:51]} 7. Qc2
{[%clk 1:30:13]} dxc4 {[%clk 1:21:19]} 8. e4 {[%clk 1:26:00]} Be7
{[%clk 1:19:35]} 9. e5 {[%clk 1:24:44]} Nd5 {[%clk 1:19:18]} 10. Nbd2
{[%clk 1:23:34]} b5 {[%clk 1:16:09]} 11. a4 {[%clk 1:22:06]} Bb7 {[%clk 1:14:59]}
12. Ne4 {[%clk 1:20:36]} Nc6 {[%clk 1:09:30]} 13. Bg5 {[%clk 1:19:39]} Bxg5
{[%clk 1:04:46]} 14. Nexg5 {[%clk 1:19:56]} Ndb4 {[%clk 0:59:59]} 15. Qxh7#
{[%clk 1:20:08]} 1-0

[Event "MPA 1580 2024"]
[Site "Sianozety"]
[Date "2024.04.12"]
[Round "2.16"]
[White "Oscilowski, Mateusz"]
[Black "Toczynska, Natalia"]
[Result "0-1"]
[BlackElo "1453"]
[WhiteElo "1536"]
[LiveChessVersion "1.4.4"]

1. Nf3 {[%clk 1:30:57]} d5 {[%clk 1:29:15]} 2. d4 {[%clk 1:31:16]} Nf6
{[%clk 1:29:13]} 3. c4 {[%clk 1:31:02]} Bf5 {[%clk 1:27:43]} 4. Nc3
{[%clk 1:30:42]} e6 {[%clk 1:27:55]} 5. Nh4 {[%clk 1:29:13]} Bg6 {[%clk 1:26:01]}
6. Nxg6 {[%clk 1:29:09]} hxg6 {[%clk 1:26:21]} 7. e3 {[%clk 1:29:24]} c5
{[%clk 1:25:09]} 8. cxd5 {[%clk 1:26:21]} exd5 {[%clk 1:25:03]} 9. Bb5+
{[%clk 1:26:18]} Nc6 {[%clk 1:25:09]} 10. Qa4 {[%clk 1:24:40]} Qd6
{[%clk 1:24:03]} 11. Bxc6+ {[%clk 1:22:37]} bxc6 {[%clk 1:23:36]} 12. g3
{[%clk 1:18:25]} Ng4 {[%clk 1:22:37]} 13. h4 {[%clk 1:14:30]} Qe6
{[%clk 1:13:48]} 14. Bd2 {[%clk 1:08:31]} Be7 {[%clk 1:11:06]} 15. Ke2
{[%clk 1:04:36]} cxd4 {[%clk 1:08:19]} 16. Qxd4 {[%clk 1:03:28]} Bf6
{[%clk 1:07:59]} 17. Qf4 {[%clk 0:58:47]} d4 {[%clk 1:06:07]} 18. Ne4
{[%clk 0:55:00]} Be5 {[%clk 1:02:08]} 19. Ng5 {[%clk 0:49:00]} Qc4+
{[%clk 1:01:45]} 20. Kf3 {[%clk 0:47:51]} Bxf4 {[%clk 1:01:57]} 21. exf4
{[%clk 0:46:44]} Qd3+ {[%clk 1:02:09]} 22. Kxg4 {[%clk 0:46:52]} Qe2+
{[%clk 1:02:30]} 23. Nf3 {[%clk 0:46:18]} f5+ {[%clk 1:02:36]} 24. Kh3
{[%clk 0:45:51]} Qxf3 {[%clk 1:02:44]} 25. Rhe1+ {[%clk 0:45:15]} Kf7
{[%clk 1:02:54]} 26. Bb4 {[%clk 0:43:57]} Rxh4+ {[%clk 1:03:14]} 0-1

[Event "MPA 1580 2024"]
[Site "Sianozety"]
[Date "2024.04.12"]
[Round "3.1"]
[White "Rogala, Adam"]
[Black "Kuriata, Tomasz"]
[Result "0-1"]
[BlackElo "1572"]
[WhiteElo "1530"]
[LiveChessVersion "1.4.4"]

1. d4 {[%clk 1:30:55]} Nf6 {[%clk 1:30:49]} 2. c4 {[%clk 1:31:02]} e6
{[%clk 1:31:15]} 3. Nc3 {[%clk 1:31:15]} Bb4 {[%clk 1:31:26]} 4. a3
{[%clk 1:31:13]} Bxc3+ {[%clk 1:31:45]} 5. bxc3 {[%clk 1:31:34]} d5
{[%clk 1:31:36]} 6. Nf3 {[%clk 1:31:40]} O-O {[%clk 1:31:24]} 7. e3
{[%clk 1:31:39]} Nbd7 {[%clk 1:30:08]} 8. c5 {[%clk 1:30:03]} c6 {[%clk 1:28:18]}
9. Bd3 {[%clk 1:29:51]} Re8 {[%clk 1:25:57]} 10. O-O {[%clk 1:28:28]} e5
{[%clk 1:25:55]} 11. Be2 {[%clk 1:25:13]} e4 {[%clk 1:25:05]} 12. Nd2
{[%clk 1:25:25]} Nf8 {[%clk 1:24:03]} 13. c4 {[%clk 1:25:12]} Ng6
{[%clk 1:19:45]} 14. Re1 {[%clk 1:18:31]} Be6 {[%clk 1:03:54]} 15. a4
{[%clk 1:14:21]} a5 {[%clk 0:59:51]} 16. Ba3 {[%clk 1:12:20]} Qd7
{[%clk 0:57:40]} 17. cxd5 {[%clk 1:06:02]} Qxd5 {[%clk 0:50:15]} 18. Nc4
{[%clk 0:57:03]} Qg5 {[%clk 0:47:27]} 19. Nd6 {[%clk 0:55:17]} Re7
{[%clk 0:47:13]} 20. Kh1 {[%clk 0:51:21]} Bg4 {[%clk 0:40:24]} 21. f3
{[%clk 0:46:41]} exf3 {[%clk 0:39:31]} 22. Bxf3 {[%clk 0:46:35]} Nh4
{[%clk 0:33:02]} 23. Bxg4 {[%clk 0:43:53]} Nxg4 {[%clk 0:33:06]} 24. Ra2
{[%clk 0:42:02]} Nxe3 {[%clk 0:25:38]} 25. Qe2 {[%clk 0:31:50]} Nef5
{[%clk 0:22:40]} 26. Ne4 {[%clk 0:30:35]} Qh6 {[%clk 0:16:04]} 27. Bc1
{[%clk 0:28:53]} Qe6 {[%clk 0:10:50]} 28. Bg5 {[%clk 0:23:58]} Ree8
{[%clk 0:10:10]} 29. g4 {[%clk 0:23:20]} Nxd4 {[%clk 0:08:02]} 30. Qf2
{[%clk 0:21:59]} Qxg4 {[%clk 0:03:36]} 31. Nf6+ {[%clk 0:21:11]} gxf6
{[%clk 0:03:34]} 32. Rxe8+ {[%clk 0:21:25]} Rxe8 {[%clk 0:03:58]} 33. Bxh4
{[%clk 0:21:11]} Nf3 {[%clk 0:01:44]} 34. Ra1 {[%clk 0:15:38]} Qxh4
{[%clk 0:01:37]} 35. Qxf3 {[%clk 0:15:32]} Qe4 {[%clk 0:02:00]} 36. Rg1+
{[%clk 0:15:50]} Kf8 {[%clk 0:02:08]} 37. Kg2 {[%clk 0:15:26]} Qxf3+
{[%clk 0:01:57]} 38. Kxf3 {[%clk 0:15:45]} Re5 {[%clk 0:02:09]} 39. Rc1
{[%clk 0:15:48]} Ke7 {[%clk 0:02:22]} 40. Rb1 {[%clk 0:15:51]} Rxc5
{[%clk 0:02:31]} 41. Rxb7+ {[%clk 0:16:11]} Ke6 {[%clk 0:02:56]} 0-1

[Event "MPA 1580 2024"]
[Site "Sianozety"]
[Date "2024.04.12"]
[Round "3.2"]
[White "Dubel, Daniel"]
[Black "Kuriata, Pawel"]
[Result "1/2-1/2"]
[BlackElo "1571"]
[WhiteElo "1511"]
[LiveChessVersion "1.4.4"]

1. e4 {[%clk 1:30:57]} Nc6 {[%clk 1:30:54]} 2. d4 {[%clk 1:31:16]} e5
{[%clk 1:31:10]} 3. d5 {[%clk 1:31:07]} Nce7 {[%clk 1:31:28]} 4. Nf3
{[%clk 1:31:23]} Ng6 {[%clk 1:31:29]} 5. Bd3 {[%clk 1:29:51]} Bc5
{[%clk 1:31:17]} 6. a3 {[%clk 1:27:48]} d6 {[%clk 1:29:16]} 7. b4
{[%clk 1:27:20]} Bb6 {[%clk 1:28:55]} 8. Be3 {[%clk 1:21:49]} Bxe3
{[%clk 1:28:33]} 9. fxe3 {[%clk 1:22:12]} Nf6 {[%clk 1:25:36]} 10. O-O
{[%clk 1:19:38]} O-O {[%clk 1:24:22]} 11. Nbd2 {[%clk 1:19:41]} Bd7
{[%clk 1:14:07]} 12. c4 {[%clk 1:17:21]} Ng4 {[%clk 1:09:37]} 13. Qe1
{[%clk 1:15:30]} a5 {[%clk 1:05:08]} 14. Rb1 {[%clk 0:58:20]} axb4
{[%clk 1:04:31]} 15. axb4 Ra3 {[%clk 1:00:58]} 16. Rb3 {[%clk 0:56:19]} Qa8
{[%clk 0:59:52]} 17. h3 {[%clk 0:55:43]} Rxb3 {[%clk 0:57:04]} 18. Nxb3
{[%clk 0:56:06]} Qa3 {[%clk 0:55:21]} 19. Nc1 {[%clk 0:54:34]} Nf6
{[%clk 0:50:56]} 20. Rf2 {[%clk 0:53:57]} Qa8 {[%clk 0:45:16]} 21. c5
{[%clk 0:47:52]} Qd8 {[%clk 0:43:13]} 22. Qc3 {[%clk 0:44:49]} Qe7
{[%clk 0:41:00]} 23. c6 {[%clk 0:41:57]} Bc8 {[%clk 0:36:11]} 24. cxb7
{[%clk 0:41:11]} Bxb7 {[%clk 0:35:52]} 25. Rc2 {[%clk 0:40:36]} Rc8
{[%clk 0:33:53]} 26. b5 {[%clk 0:37:55]} Nxd5 {[%clk 0:32:46]} 27. exd5
{[%clk 0:35:26]} e4 {[%clk 0:33:06]} 28. Bc4 {[%clk 0:34:35]} exf3
{[%clk 0:33:17]} 29. gxf3 {[%clk 0:34:19]} Ne5 {[%clk 0:32:50]} 30. e4
{[%clk 0:29:39]} Qh4 {[%clk 0:31:12]} 31. Bf1 {[%clk 0:26:24]} Qf4
{[%clk 0:29:10]} 32. Bg2 {[%clk 0:25:40]} f5 {[%clk 0:28:54]} 33. Ne2
{[%clk 0:24:10]} Qh4 {[%clk 0:27:04]} 34. f4 {[%clk 0:21:57]} Ng6
{[%clk 0:24:59]} 35. Qe3 {[%clk 0:20:28]} Qe7 {[%clk 0:22:04]} 36. Ng3
{[%clk 0:19:15]} fxe4 {[%clk 0:18:57]} 37. Bxe4 {[%clk 0:17:15]} Re8
{[%clk 0:16:00]} 38. b6 {[%clk 0:14:45]} cxb6 {[%clk 0:13:54]} 39. Qxb6
{[%clk 0:14:43]} Bc8 {[%clk 0:12:09]} 40. Bxg6 {[%clk 0:11:17]} hxg6
{[%clk 0:12:38]} 41. Re2 {[%clk 0:11:14]} Qd7 {[%clk 0:11:04]} 42. Rxe8+
{[%clk 0:10:42]} Qxe8 {[%clk 0:11:25]} 43. Qxd6 {[%clk 0:10:42]} Qe3+
{[%clk 0:08:42]} 44. Kg2 {[%clk 0:09:38]} Qd2+ {[%clk 0:08:17]} 45. Kf3
{[%clk 0:07:15]} Qd3+ {[%clk 0:06:35]} 46. Kg2 {[%clk 0:07:14]} Qd2+
{[%clk 0:05:31]} 47. Kf3 1/2-1/2

[Event "MPA 1580 2024"]
[Site "Sianozety"]
[Date "2024.04.12"]
[Round "3.3"]
[White "Krawczyk, Marcin"]
[Black "Kopacz, Mikolaj"]
[Result "0-1"]
[BlackElo "1513"]
[WhiteElo "1560"]
[LiveChessVersion "1.4.4"]

1. e4 {[%clk 1:30:57]} c5 {[%clk 1:30:55]} 2. Nf3 {[%clk 1:31:21]} g6
{[%clk 1:31:20]} 3. c4 {[%clk 1:31:33]} Bg7 {[%clk 1:31:32]} 4. d4
{[%clk 1:31:58]} cxd4 {[%clk 1:31:57]} 5. Nxd4 {[%clk 1:32:22]} Nc6
{[%clk 1:31:57]} 6. Be3 {[%clk 1:32:46]} Nf6 {[%clk 1:32:03]} 7. Nc3
{[%clk 1:33:10]} Qa5 {[%clk 1:31:27]} 8. Nb3 {[%clk 1:33:18]} Qc7
{[%clk 1:30:09]} 9. Be2 {[%clk 1:25:04]} d6 {[%clk 1:26:26]} 10. O-O
{[%clk 1:17:46]} O-O {[%clk 1:19:59]} 11. Rc1 {[%clk 1:13:20]} Bd7
{[%clk 1:15:00]} 12. Qd2 {[%clk 1:02:02]} Ne5 {[%clk 1:13:00]} 13. c5
{[%clk 1:01:24]} dxc5 14. Nxc5 {[%clk 1:01:09]} Bc6 {[%clk 1:11:10]} 15. f3
{[%clk 0:58:43]} Rfd8 {[%clk 1:08:12]} 16. Qe1 {[%clk 0:56:54]} b6
{[%clk 1:07:58]} 17. Nb3 {[%clk 0:54:22]} Qb7 {[%clk 1:04:39]} 18. Qg3
{[%clk 0:50:27]} Nh5 {[%clk 1:01:45]} 19. Qh4 {[%clk 0:38:41]} Nd3
{[%clk 1:02:03]} 20. Bxd3 {[%clk 0:38:41]} Rxd3 {[%clk 1:02:03]} 21. Bd2
{[%clk 0:37:15]} a5 {[%clk 0:59:07]} 22. Rc2 Rad8 {[%clk 0:58:16]} 23. Rf2
{[%clk 0:33:41]} a4 {[%clk 0:58:19]} 24. Nc1 {[%clk 0:30:44]} R3d7
{[%clk 0:57:19]} 25. g4 {[%clk 0:29:13]} Nf6 {[%clk 0:55:43]} 26. Qg5
{[%clk 0:24:39]} b5 {[%clk 0:53:09]} 27. e5 {[%clk 0:24:33]} Ne8 {[%clk 0:53:03]}
28. Ne4 Bxe4 {[%clk 0:53:21]} 29. fxe4 {[%clk 0:24:28]} Qxe4 {[%clk 0:52:53]} 30.
e6 {[%clk 0:21:31]} Qxe6 {[%clk 0:52:05]} 31. h4 {[%clk 0:20:47]} Bd4
{[%clk 0:50:14]} 32. Bb4 f6 {[%clk 0:50:03]} 33. Qh6 {[%clk 0:19:42]} Qxg4+
{[%clk 0:49:49]} 34. Kh2 Be5+ 0-1